[Event "Polonia Wroclaw Cup GM"]
[Site "Wroclaw POL"]
[Date "2012.12.10"]
[Round "5"]
[White "Nosenko,A"]
[Black "Kolosowski,M"]
[Result "0-1"]
[WhiteTitle "IM"]
[BlackTitle "IM"]
[WhiteElo "2520"]
[BlackElo "2442"]
[WhiteFideId "14100690"]
[BlackFideId "1129708"]
[EventDate "2012.12.07"]

1. d4 Nf6 2. c4 g6 3. f3 e5 4. dxe5 Nh5 5. Nh3 Nc6 6. Nc3 Nxe5 7. Bg5 f6 8. Bc1
d6 9. Nf2 f5 10. e4 f4 11. Nd5 Bh6 12. Be2 O-O 13. b3 Bg7 14. Bd2 Be6 15. Rc1 c6
16. Nc3 Qh4 17. Nb1 Rad8 18. Bb4 Rf7 19. Nd2 d5 20. Qc2 d4 21. Bd3 b6 22. Ba3 g5
23. O-O Bh6 24. h3 Ng3 25. c5 b5 26. Bb2 Nxf1 27. Nxf1 Bg7 28. Rd1 h5 29. Nh2 g4
30. fxg4 hxg4 31. Nfxg4 Bxg4 32. hxg4 Nxg4 33. Nf3 Qg3 34. e5 Ne3 35. Qe2 Bf8
36. b4 Rg7 37. Rd2 Nxg2 38. Qxg2 Qxf3 39. Bg6 Qe3+ 40. Kf1 Qxe5 41. Qxc6 f3 42.
Be4 Qh5 43. Bxf3 Qh3+ 44. Bg2 Qf5+ 45. Ke2 Rg6 46. Qf3 d3+ 47. Kf2 Qg5 48. Ke1
Bg7 49. Bxg7 Kxg7 50. Bf1 Qe5+ 51. Be2 Rf8 0-1

[Event "Polonia Wroclaw Cup GM"]
[Site "Wroclaw POL"]
[Date "2012.12.10"]
[Round "5"]
[White "Cernousek,L"]
[Black "Michalik,P"]
[Result "1/2-1/2"]
[WhiteTitle "IM"]
[BlackTitle "GM"]
[WhiteElo "2450"]
[BlackElo "2508"]
[WhiteFideId "311707"]
[BlackFideId "14907526"]
[EventDate "2012.12.07"]

1. d4 Nf6 2. c4 e6 3. g3 Bb4+ 4. Bd2 Bxd2+ 5. Qxd2 d5 6. Bg2 c6 7. Nf3 O-O 8.
O-O Nbd7 9. b3 b6 10. Nc3 Ba6 11. Qd3 c5 12. a4 Bb7 13. e3 cxd4 14. exd4 Ne4 15.
cxd5 exd5 16. Rac1 a6 17. Rc2 b5 18. axb5 axb5 19. Rfc1 b4 20. Na4 Ba6 21. Qe3
Bb5 22. Nd2 Ndf6 23. Nxe4 dxe4 24. Nc5 Re8 25. Nxe4 Nxe4 26. Bxe4 Ra7 27. Qd2
Rae7 28. Qxb4 Rxe4 29. Qxb5 Rxd4 30. Re2 Rxe2 31. Qxe2 h6 32. Rc3 g5 33. h3 Qd7
34. Kh2 Rd2 35. Qf3 Qd4 36. Re3 Kg7 37. Kg2 Rb2 38. Re7 Qf6 39. Qxf6+ Kxf6 40.
Re3 h5 41. g4 Kg6 42. Rf3 Rb1 43. Rc3 hxg4 44. hxg4 f5 45. gxf5+ Kxf5 46. Kf3
Rg1 47. Rc5+ Kf6 48. Rc6+ Kf5 49. Rc5+ Kf6 50. Ke3 g4 51. Kf4 Rg2 52. Rc2 Ke6
53. Re2+ Kd6 54. Ke3 Ke5 55. Rd2 Rg1 56. Kd3 Kd5 57. Kc3+ Kc6 58. Kb4 g3 59.
fxg3 1/2-1/2

[Event "Polonia Wroclaw Cup GM"]
[Site "Wroclaw POL"]
[Date "2012.12.10"]
[Round "6"]
[White "Kolosowski,M"]
[Black "Cernousek,L"]
[Result "0-1"]
[WhiteTitle "IM"]
[BlackTitle "IM"]
[WhiteElo "2442"]
[BlackElo "2450"]
[WhiteFideId "1129708"]
[BlackFideId "311707"]
[EventDate "2012.12.07"]

1. e4 c5 2. Nf3 d6 3. d4 Nf6 4. Nc3 cxd4 5. Nxd4 a6 6. Bg5 Nbd7 7. Bc4 Qb6 8.
Bb3 e6 9. O-O Be7 10. Be3 Nc5 11. Qe2 Qc7 12. f4 b5 13. e5 dxe5 14. fxe5 Qxe5
15. Nc6 Qc7 16. Nxe7 Qxe7 17. Bg5 Bb7 18. Rad1 Nxb3 19. axb3 Qc5+ 20. Be3 Qc6
21. Rd4 e5 22. Rh4 O-O 23. b4 Rfe8 24. Rh3 Re6 25. Qf2 Rd8 26. Rg3 Rd7 27. Qf5
Ne8 28. Rg4 Nd6 29. Qh5 f5 30. Rg5 h6 31. Rg6 Nc4 0-1

[Event "Polonia Wroclaw Cup GM"]
[Site "Wroclaw POL"]
[Date "2012.12.10"]
[Round "6"]
[White "Grabarczyk,M"]
[Black "Nosenko,A"]
[Result "1/2-1/2"]
[WhiteTitle "GM"]
[BlackTitle "IM"]
[WhiteElo "2455"]
[BlackElo "2520"]
[WhiteFideId "1101684"]
[BlackFideId "14100690"]
[EventDate "2012.12.07"]

1. d4 f5 2. c4 Nf6 3. Nf3 g6 4. g3 Bg7 5. Bg2 O-O 6. b4 d6 7. Bb2 Ne4 8. Nbd2
Nxd2 9. Qxd2 Nd7 10. O-O Nf6 11. d5 Bd7 12. Nd4 Qe8 13. Rac1 Ne4 14. Qc2 c6 15.
Nb3 Bxb2 16. Qxb2 Qf7 17. Qd4 e5 18. dxe6 Bxe6 19. Rfd1 Rad8 20. e3 b6 21. Nd2
c5 22. Qb2 Nf6 23. a3 1/2-1/2

[Event "Polonia Wroclaw Cup GM"]
[Site "Wroclaw POL"]
[Date "2012.12.10"]
[Round "6"]
[White "Carlstedt,J"]
[Black "Wieczorek,O"]
[Result "1/2-1/2"]
[WhiteTitle "IM"]
[WhiteElo "2356"]
[BlackElo "2316"]
[WhiteFideId "24614386"]
[BlackFideId "1133950"]
[EventDate "2012.12.07"]

1. c4 c5 2. Nc3 Nf6 3. e3 g6 4. d4 cxd4 5. exd4 Bg7 6. Nf3 O-O 7. Be2 d5 8. O-O
Nc6 9. h3 b6 10. Bg5 Bb7 11. a3 Ne4 12. cxd5 Nxc3 13. bxc3 Qxd5 14. Rb1 Rac8 15.
c4 Qd7 16. Be3 Rfd8 17. c5 Nxd4 18. Nxd4 Bxd4 19. Bxd4 Qxd4 20. Qxd4 Rxd4 21.
cxb6 axb6 22. Rxb6 Bd5 23. Bb5 Rc2 24. a4 Ra2 25. Rb8+ Kg7 26. Rd8 e6 27. Bc6
Rdd2 28. Bxd5 exd5 29. Ra8 d4 30. g4 Kf6 31. a5 d3 32. Kg2 Rdc2 33. Rd8 Rxa5 1/2-1/2

[Event "Portuguese Supercup 2012"]
[Site "Mortagua POR"]
[Date "2012.12.08"]
[Round "1.1"]
[White "Andrade,Jo"]
[Black "Spraggett,K"]
[Result "0-1"]
[WhiteTitle "FM"]
[BlackTitle "GM"]
[WhiteElo "2263"]
[BlackElo "2579"]
[WhiteTeam "ADRC Mata de Benfica"]
[BlackTeam "AA Coimbra"]
[WhiteFideId "1900986"]
[BlackFideId "2600013"]
[EventDate "2012.12.08"]

1. d4 Nf6 2. Nf3 e6 3. g3 c5 4. Bg2 cxd4 5. Nxd4 a6 6. O-O d6 7. c4 Be7 8. b3
O-O 9. Bb2 Nbd7 10. Nc3 Re8 11. Rc1 Rb8 12. Rc2 Nf8 13. Rd2 Qa5 14. Qa1 Bd7 15.
a3 Rec8 16. Rfd1 Ne8 17. a4 Bc6 18. Ne4 f5 19. Nc3 Bxg2 20. Kxg2 Nf6 21. Ba3 Rd8
22. f3 Rbc8 23. Rd3 g6 24. Qa2 Qc7 25. e4 e5 26. Nc2 fxe4 27. fxe4 Ne6 28. Ne3
Qd7 29. Ned5 Ng5 30. Qe2 Nxd5 31. Nxd5 Qh3+ 32. Kg1 Bf8 33. Bc1 Ne6 34. Rf1 b5
35. axb5 axb5 36. cxb5 Nd4 37. Qf2 Qe6 38. Bg5 Rc2 39. Bxd8 Rxf2 40. Rxf2 Qc8
41. Be7 Bh6 42. Bg5 Bxg5 43. b6 Bd8 44. Rc3 Qa6 45. Rc7 Ne6 46. Ra7 Qd3 47. Ra8
Qb1+ 48. Rf1 Qxb3 49. Rb8 Kg7 50. Rb7+ Kh6 51. Rff7 Qb1+ 52. Kf2 Qc2+ 53. Kg1
Ng5 54. Rf2 0-1

[Event "Portuguese Supercup 2012"]
[Site "Mortagua POR"]
[Date "2012.12.08"]
[Round "1.2"]
[White "Pais,B"]
[Black "Leite,C"]
[Result "0-1"]
[BlackTitle "WIM"]
[WhiteElo "1733"]
[BlackElo "2142"]
[WhiteTeam "AA Coimbra"]
[BlackTeam "ADRC Mata de Benfica"]
[WhiteFideId "1911341"]
[BlackFideId "1901222"]
[EventDate "2012.12.08"]

1. d4 Nf6 2. c4 e6 3. Nc3 b6 4. Nf3 Bb7 5. e3 Be7 6. Be2 O-O 7. O-O d5 8. b3
dxc4 9. Bxc4 Nbd7 10. Bb2 Rc8 11. Qe2 c5 12. Rfd1 Qc7 13. Ba6 Rfd8 14. Bxb7 Qxb7
15. Rac1 a6 16. dxc5 Bxc5 17. Na4 Be7 18. Rxc8 Rxc8 19. Qd3 h6 20. Rc1 Rxc1+ 21.
Bxc1 e5 22. Qd1 e4 23. Nd2 b5 24. Nc3 Nc5 25. Ne2 Nd3 26. Nf1 Ng4 27. f3 Ngf2
28. Qc2 exf3 29. Nf4 fxg2 30. Ng3 Nxf4 31. Qxf2 Nh3# 0-1

[Event "Portuguese Supercup 2012"]
[Site "Mortagua POR"]
[Date "2012.12.08"]
[Round "1.3"]
[White "Valdes,M"]
[Black "Casaleiro,R"]
[Result "1/2-1/2"]
[WhiteTitle "WF"]
[WhiteElo "2140"]
[BlackElo "1914"]
[WhiteTeam "ADRC Mata de Benfica"]
[BlackTeam "AA Coimbra"]
[WhiteFideId "1900641"]
[BlackFideId "1910590"]
[EventDate "2012.12.08"]

1. e4 e5 2. Nf3 Nc6 3. Bc4 Bc5 4. d3 d6 5. c3 Nf6 6. a4 a5 7. Bg5 h6 8. Bh4 Bg4
9. Nbd2 g5 10. Bg3 Qd7 11. Bb5 Qe7 12. Qc2 Bd7 13. Rd1 O-O 14. O-O Nh5 15. Nc4
f5 16. exf5 Bxf5 17. Ncd2 Nf4 18. Ne4 Bb6 19. Bc4+ d5 20. Bxf4 dxc4 21. Bg3 cxd3
22. Qxd3 Rad8 23. Qe2 Bg4 24. Rxd8 Rxd8 25. Qc4+ Be6 26. Qe2 Bg4 27. h3 Bh5 28.
Qc4+ Kh8 29. Nfd2 Bf7 30. Qe2 Bg6 31. Re1 Re8 32. Nc4 Qh7 33. Nf6 Bd3 34. Qd2
Qe7 35. Nd5 Qh7 36. Ndxb6 cxb6 37. Nxb6 e4 38. Nd5 Qf5 39. Ne3 Qg6 40. Ng4 h5
41. Ne3 Ne5 42. Bxe5+ Rxe5 43. b4 Qc6 44. Qb2 Qxa4 45. c4 Qe8 46. bxa5 Qe7 47.
Nd5 Qg7 48. Qd4 Re6 49. Qxg7+ Kxg7 50. Ne3 Rc6 51. Rc1 Rc5 52. Ra1 Kf6 53. a6
bxa6 54. Rxa6+ Ke5 55. Rg6 Kd4 56. Rd6+ Ke5 57. Rg6 Kd4 58. Rd6+ Ke5 59. Rg6 Kd4 1/2-1/2

[Event "Vietnam National Masters Men 2012"]
[Site "Ho Chi Minh City VIE"]
[Date "2012.11.29"]
[Round "1.1"]
[White "Ton,T"]
[Black "Nguyen Van Huy"]
[Result "0-1"]
[WhiteTitle "IM"]
[BlackTitle "IM"]
[WhiteElo "2209"]
[BlackElo "2505"]
[WhiteFideId "12401439"]
[BlackFideId "12401064"]
[EventDate "2012.11.29"]

1. d4 Nf6 2. c4 e6 3. g3 d5 4. Nf3 dxc4 5. Bg2 Nc6 6. Qa4 Nd7 7. Qxc4 Nb6 8. Qd3
e5 9. Nxe5 Nb4 10. Qc3 Qxd4 11. O-O Qxc3 12. Nxc3 Bd6 13. Nd3 Nxd3 14. exd3 c6
15. Re1+ Be6 16. Bh3 Kd7 17. Bxe6+ fxe6 18. Ne4 Nd5 19. Bd2 Rhe8 20. Re2 b6 21.
Bc3 Re7 22. Rae1 h6 23. Kg2 Rae8 24. Kh3 Bc7 25. Kg4 e5 26. Nd2 c5 27. a4 a6 28.
Nc4 Kc8 29. Ne3 Nxc3 30. bxc3 Rd7 31. Rd1 Red8 32. Red2 b5 33. axb5 axb5 34. Kf3
Kb7 35. Ke4 Kc6 36. Ra2 c4 37. Nc2 Bb6 38. Nb4+ Kb7 39. Rc1 cxd3 40. Rd2 Rc7 41.
Rxd3 Re8 42. Rd5 Rc4+ 43. Kf5 Rf8+ 44. Kg6 Bc5 45. Rxe5 Rf3 46. Nd5 Rxf2 47. Ne3
Bxe3 48. Rxe3 Rg4+ 49. Kh7 Rxh2 50. Rb1 Rh5 51. c4 Rxc4 52. Kxg7 Rc6 53. Kf7 Kb6
54. Re8 Rf5+ 55. Kg7 Rg5+ 56. Kh7 Kb7 57. Rb3 Rd5 58. Kg7 Rd7+ 59. Kh8 Rc5 60.
Kg8 h5 61. Kh8 Rdc7 62. Re4 Rd5 63. Re8 Rc8 64. Rxc8 Kxc8 65. Kg7 Kc7 66. Kf6
Kd6 0-1

[Event "Vietnam National Masters Men 2012"]
[Site "Ho Chi Minh City VIE"]
[Date "2012.11.29"]
[Round "1.2"]
[White "Nguyen Duc Hoa"]
[Black "Pham Duc Thang"]
[Result "1-0"]
[WhiteTitle "IM"]
[BlackTitle "FM"]
[WhiteElo "2503"]
[BlackElo "2206"]
[WhiteFideId "12401358"]
[BlackFideId "12401420"]
[EventDate "2012.11.29"]

1. e4 c5 2. Nf3 Nc6 3. d4 cxd4 4. Nxd4 g6 5. Nc3 Bg7 6. Be3 Nf6 7. f3 O-O 8. Bc4
Qb6 9. O-O Ng4 10. fxg4 Bxd4 11. Bxd4 Qxd4+ 12. Qxd4 Nxd4 13. Nd5 e6 14. Ne3 b5
15. c3 bxc4 16. cxd4 Bb7 17. e5 Ba6 18. Rf2 h6 19. Rc1 Rfc8 20. h4 d6 21. d5
dxe5 22. dxe6 Rc6 23. Nd5 Rxe6 24. Nc7 Rae8 25. Rd1 Bc8 26. g5 hxg5 27. hxg5 Kg7
28. Rd5 e4 29. Re2 e3 30. Rc5 R6e7 31. Nxe8+ Rxe8 32. Re1 Ba6 33. Rc7 Re5 34.
Rf1 1-0

[Event "Vietnam National Masters Men 2012"]
[Site "Ho Chi Minh City VIE"]
[Date "2012.11.29"]
[Round "1.3"]
[White "Tran Ngoc Thach"]
[Black "Cao,S"]
[Result "0-1"]
[BlackTitle "GM"]
[WhiteElo "2174"]
[BlackElo "2497"]
[WhiteFideId "12400416"]
[BlackFideId "725056"]
[EventDate "2012.11.29"]

1. d4 Nf6 2. c4 e6 3. Nc3 Bb4 4. Qc2 O-O 5. a3 Bxc3+ 6. Qxc3 b6 7. Bg5 h6 8. Bh4
Ba6 9. Nf3 d6 10. e3 Nbd7 11. Bd3 c5 12. b4 cxd4 13. exd4 Rc8 14. Qb3 e5 15.
dxe5 dxe5 16. Nd2 e4 17. Be2 Ne5 18. Rd1 Nd3+ 19. Bxd3 exd3 20. O-O g5 21. Bg3
Qd4 22. Rc1 Bb7 23. Qc3 Qxc3 24. Rxc3 Rfd8 25. f3 Ba6 26. Rfc1 Rd7 27. Be5 Nh5
28. c5 Re7 29. Bd6 Re2 30. Rd1 Nf6 31. Nf1 bxc5 32. bxc5 Nd5 33. Rcxd3 Bxd3 34.
Rxd3 Nf4 35. Bxf4 gxf4 36. Rc3 Rc6 37. Rc4 Re5 38. Rxf4 Rcxc5 39. Rd4 Re2 40.
Rd1 Rcc2 41. g3 Ra2 42. f4 Rxa3 43. Rb1 Raa2 44. Rd1 h5 45. Rd3 Ra1 46. Rf3 a5
47. h3 a4 48. g4 h4 49. f5 Ree1 50. Kg2 Rxf1 0-1

[Event "Vietnam National Masters Men 2012"]
[Site "Ho Chi Minh City VIE"]
[Date "2012.11.29"]
[Round "1.4"]
[White "Hoang Canh Huan"]
[Black "Tran,Minh Thang"]
[Result "1-0"]
[WhiteTitle "FM"]
[WhiteElo "2391"]
[BlackElo "2096"]
[WhiteFideId "12400599"]
[BlackFideId "12401080"]
[EventDate "2012.11.29"]

1. Nf3 Nf6 2. g3 g6 3. Bg2 Bg7 4. O-O O-O 5. c4 d6 6. d4 a6 7. Nc3 Nc6 8. b3 Rb8
9. Bb2 b5 10. cxb5 axb5 11. d5 Na5 12. Nd4 Nd7 13. Qd2 Ne5 14. Ncxb5 Nac4 15.
bxc4 Nxc4 16. Qc2 Nxb2 17. Nc6 Qd7 18. Nxb8 Qxb5 19. Nc6 Re8 20. a4 Qc4 21. Qxc4
Nxc4 22. Ra2 Ba6 23. Rc1 Nb6 24. a5 Nd7 25. Nb4 1-0

[Event "Vietnam National Masters Men 2012"]
[Site "Ho Chi Minh City VIE"]
[Date "2012.11.29"]
[Round "1.5"]
[White "Bui,Trong Hao"]
[Black "Duong The Anh"]
[Result "0-1"]
[BlackTitle "IM"]
[WhiteElo "2119"]
[BlackElo "2368"]
[WhiteFideId "12401609"]
[BlackFideId "12401277"]
[EventDate "2012.11.29"]

1. d4 e6 2. c4 f5 3. g3 Nf6 4. Bg2 c6 5. Nf3 d5 6. O-O Bd6 7. b3 Qe7 8. Nc3 O-O
9. Qc2 Bd7 10. Ne1 Be8 11. Nd3 Nbd7 12. Bf4 Ne4 13. f3 Nxc3 14. Qxc3 Bxf4 15.
Nxf4 Bf7 16. cxd5 exd5 17. Rfe1 Rfe8 18. e3 Qd6 19. Re2 Re7 20. Rae1 Rae8 21.
Nd3 Qh6 22. Qc1 Bh5 23. Kf2 g5 24. Qa3 a6 25. Qb4 Qf6 26. Qc3 Qf8 27. Qc1 Qh6
28. Qd2 Qf6 29. Kg1 h6 30. Rf2 Qd6 31. f4 Bg6 32. Ne5 Kg7 33. Rc1 Nf6 34. Qc2
Bh7 35. Bf3 g4 36. Bg2 Rd8 37. Qc5 Qxc5 38. Rxc5 Bg8 39. Rfc2 Bf7 40. Rc1 Be8
41. Bf1 Ne4 42. R5c2 Kf6 43. Bd3 Nd6 44. b4 h5 45. a4 Ra8 46. Rc5 Ke6 47. Kf2
Rh7 48. R5c2 Rg7 49. Rb2 Re7 50. h3 gxh3 51. Rh1 a5 52. Rxh3 axb4 53. Rxb4 b5
54. axb5 Ra2+ 55. Kg1 Ra1+ 56. Rb1 Rxb1+ 57. Bxb1 cxb5 58. Rh2 Rg7 59. Kg2 Rc7
60. Kh3 Rc1 61. Rb2 Nc4 62. Rb4 Nxe3 0-1

[Event "Vietnam National Masters Men 2012"]
[Site "Ho Chi Minh City VIE"]
[Date "2012.11.29"]
[Round "1.7"]
[White "Nguyen Thanh Nghia"]
[Black "Vo Thanh Ninh"]
[Result "1/2-1/2"]
[WhiteElo "2114"]
[BlackElo "2306"]
[WhiteFideId "12401870"]
[BlackFideId "12402141"]
[EventDate "2012.11.29"]

1. e4 c5 2. Nf3 Nf6 3. Nc3 d5 4. exd5 Nxd5 5. Bb5+ Nc6 6. Ne5 Nxc3 7. dxc3 Qxd1+
8. Kxd1 a6 9. Bxc6+ bxc6 10. c4 Bf5 11. Nd3 O-O-O 12. Ke2 e5 13. Be3 Bxd3+ 14.
cxd3 f5 15. a3 Kd7 16. b4 cxb4 17. axb4 Bxb4 18. Rxa6 Ra8 19. Rha1 Rxa6 20. Rxa6
Rc8 21. Ra7+ Rc7 22. Rxc7+ Kxc7 23. f4 Kd6 24. fxe5+ Kxe5 25. Bc1 Bc3 26. Ba3
Bd4 27. Bf8 Kf4 28. Bd6+ Kg4 29. h3+ Kh4 30. Kf3 g5 31. Be7 Kh5 32. Bd6 Kg6 33.
Bc7 h6 34. Bd8 Kf7 35. g4 Kg6 36. Bc7 Kf6 37. Bd6 Kg6 38. Bc7 h5 39. Bd8 fxg4+
40. hxg4 h4 41. Bc7 Kf6 42. Bd8+ Kg6 43. Bc7 c5 44. Bd8 Bf6 45. Bb6 Bd4 46. Bd8
Bg1 47. Be7 Bd4 48. Bd8 Be5 49. Be7 1/2-1/2

[Event "Vietnam National Masters Men 2012"]
[Site "Ho Chi Minh City VIE"]
[Date "2012.11.29"]
[Round "1.8"]
[White "Bao Khoa"]
[Black "Le,Cong Cuong"]
[Result "1-0"]
[WhiteTitle "IM"]
[WhiteElo "2279"]
[BlackElo "2113"]
[WhiteFideId "12401501"]
[BlackFideId "12403504"]
[EventDate "2012.11.29"]

1. d4 b6 2. e4 Bb7 3. Bd3 e6 4. c4 d5 5. cxd5 exd5 6. e5 c5 7. Nf3 Nc6 8. O-O
Nge7 9. Nc3 Qd7 10. Re1 c4 11. Bb1 O-O-O 12. Ng5 Ng6 13. e6 fxe6 14. Rxe6 Kb8
15. Bxg6 hxg6 16. Bf4+ Ka8 17. Qa4 Be7 18. Rae1 Bxg5 19. Bxg5 Rde8 20. Nxd5 Qxd5
21. Rxe8+ Nb8 22. f3 Rxe8 23. Qxe8 Qxg5 24. Qe5 Qd2 25. Re2 Qd3 26. Kf2 a6 27.
Qe3 Qf5 28. Qe6 Qf4 29. Qxb6 Qxh2 30. Re8 Qh4+ 31. Kf1 Qf4 32. Kf2 Qd2+ 33. Re2
Qf4 34. Qc5 g5 35. Qe5 Qh4+ 36. Kg1 Qh6 37. Qe6 g6 38. d5 Qg7 39. Qe5 Qd7 40. d6
g4 41. f4 g3 42. Qe6 Qa4 43. Qe3 Qd1+ 44. Re1 Qd5 45. Qxg3 Qxd6 46. Qf2 Qd5 47.
Re3 Nc6 48. Re8+ Nd8 49. Rh8 Kb8 50. Kh2 Kc8 51. Qg3 Qe4 52. Qg5 Qd5 53. Qxg6
Kc7 54. Qg7+ Kb6 55. Qg5 Nf7 56. Qxd5 Bxd5 57. Re8 c3 58. bxc3 Bxa2 59. g4 Kc7
60. g5 Nd6 61. Re5 Bb1 62. Kg3 Kd7 63. Kg4 Nb7 64. f5 a5 65. g6 a4 66. Rb5 Be4
67. g7 1-0

[Event "Vietnam National Masters Men 2012"]
[Site "Ho Chi Minh City VIE"]
[Date "2012.11.29"]
[Round "1.10"]
[White "Tran Tuan Minh"]
[Black "Duong,Thu"]
[Result "1-0"]
[WhiteTitle "FM"]
[WhiteElo "2258"]
[BlackElo "2018"]
[WhiteFideId "12401820"]
[BlackFideId "12402443"]
[EventDate "2012.11.29"]

1. d4 e6 2. c4 f5 3. Nf3 c6 4. Nc3 d5 5. Bf4 Nf6 6. e3 Be7 7. h3 Nbd7 8. g4 Nf8
9. Ne5 Ng6 10. Nxg6 hxg6 11. Rg1 Rh7 12. Qc2 Bd7 13. O-O-O Qa5 14. Kb1 Rc8 15.
Bd3 Kf7 16. f3 dxc4 17. Bxc4 b5 18. gxf5 gxf5 19. Qxf5 c5 20. dxc5 bxc4 21. Qg6+
Kg8 22. Rxd7 Nxd7 23. Qxe6+ Kh8 24. Qxd7 Qd8 25. c6 Bf6 26. Nd5 c3 27. Nxf6 gxf6
28. Qxd8+ Rxd8 29. c7 Rc8 30. Rd1 Rg7 31. bxc3 Kh7 32. Kc2 Kg6 33. Kb3 Kh5 34.
Rd8 Rgxc7 35. Bxc7 Rxc7 36. c4 Kh4 37. Rg8 Kxh3 38. Kb4 f5 39. c5 Re7 40. c6 1-0

[Event "Vietnam National Masters Men 2012"]
[Site "Ho Chi Minh City VIE"]
[Date "2012.11.29"]
[Round "1.11"]
[White "Le Thanh Tai"]
[Black "Pham,X"]
[Result "1/2-1/2"]
[WhiteTitle "CM"]
[WhiteElo "1943"]
[BlackElo "2232"]
[WhiteFideId "12402192"]
[BlackFideId "12401307"]
[EventDate "2012.11.29"]

1. e4 e5 2. Nf3 Nc6 3. d4 exd4 4. Nxd4 Nf6 5. Nxc6 bxc6 6. Bd3 d5 7. exd5 cxd5
8. O-O Be7 9. c4 O-O 10. cxd5 Nxd5 11. Be4 c6 12. Qc2 Nb4 13. Qa4 Qb6 14. Be3
Qa6 15. Nc3 Qxa4 16. Nxa4 f5 17. Bf3 Be6 18. a3 Nc2 19. Rac1 Nxe3 20. fxe3 Bg5
21. Rfe1 Bd5 22. Bxd5+ cxd5 23. Rcd1 Rad8 24. g3 Rfe8 25. Kf2 Kf7 26. Rd3 Bf6
27. Red1 Re4 28. Nc3 Rc4 29. Rxd5 Rxd5 30. Rxd5 Ke6 31. Ra5 Bxc3 32. bxc3 g5 33.
Rxa7 Rxc3 34. Rxh7 Rxa3 35. Kf3 Ra4 36. g4 f4 37. Rh6+ Kf7 38. exf4 Rxf4+ 1/2-1/2

[Event "Vietnam National Masters Men 2012"]
[Site "Ho Chi Minh City VIE"]
[Date "2012.11.30"]
[Round "2.1"]
[White "Nguyen Van Huy"]
[Black "Nguyen Van Hai"]
[Result "1/2-1/2"]
[WhiteTitle "IM"]
[BlackTitle "FM"]
[WhiteElo "2505"]
[BlackElo "2356"]
[WhiteFideId "12401064"]
[BlackFideId "12400122"]
[EventDate "2012.11.29"]

1. c4 Nf6 2. Nc3 d5 3. cxd5 Nxd5 4. Nf3 g6 5. Qb3 Nb6 6. d4 Bg7 7. Bg5 Be6 8.
Qc2 Nc6 9. Rd1 Bf5 10. e4 Bg4 11. Bb5 O-O 12. Bxc6 bxc6 13. Ne2 Qd6 14. O-O Bxf3
15. gxf3 e5 16. Be3 Qe6 17. b3 Qh3 18. f4 Qg4+ 19. Kh1 Qf3+ 20. Kg1 Qg4+ 21. Kh1
Qf3+ 1/2-1/2

[Event "Vietnam National Masters Men 2012"]
[Site "Ho Chi Minh City VIE"]
[Date "2012.11.30"]
[Round "2.2"]
[White "Nguyen Hoang Nam1"]
[Black "Nguyen Duc Hoa"]
[Result "1-0"]
[WhiteTitle "CM"]
[BlackTitle "IM"]
[WhiteElo "2263"]
[BlackElo "2503"]
[WhiteFideId "12402133"]
[BlackFideId "12401358"]
[EventDate "2012.11.29"]

1. e4 c5 2. Nc3 a6 3. Nf3 d6 4. d4 cxd4 5. Nxd4 Nf6 6. Be2 g6 7. O-O Bg7 8. Bg5
O-O 9. Nd5 Nbd7 10. Re1 e6 11. Nc3 Qc7 12. a4 b6 13. Qd2 Bb7 14. Bf1 d5 15. exd5
Nxd5 16. Nxd5 Bxd5 17. Bh6 Bxh6 18. Qxh6 e5 19. c4 Bb7 20. Nf5 gxf5 21. Ra3 f4
22. Rh3 Rfe8 23. Bd3 Nf8 24. Bxh7+ Nxh7 25. Qxh7+ Kf8 26. Qh8+ Ke7 27. Rxe5+ 1-0

[Event "Vietnam National Masters Men 2012"]
[Site "Ho Chi Minh City VIE"]
[Date "2012.11.30"]
[Round "2.3"]
[White "Cao,S"]
[Black "Bao Khoa"]
[Result "1-0"]
[WhiteTitle "GM"]
[BlackTitle "IM"]
[WhiteElo "2497"]
[BlackElo "2279"]
[WhiteFideId "725056"]
[BlackFideId "12401501"]
[EventDate "2012.11.29"]

1. e4 e5 2. Nf3 Nc6 3. Bb5 a6 4. Ba4 Nf6 5. O-O Be7 6. Re1 b5 7. Bb3 O-O 8. a4
b4 9. a5 d6 10. h3 Be6 11. c3 Rb8 12. Bxe6 fxe6 13. d4 exd4 14. cxd4 Rb5 15.
Nbd2 Nxa5 16. Nb3 Nb7 17. Rxa6 Qd7 18. Qd3 e5 19. d5 Rb8 20. Be3 Nd8 21. Rc1 h6
22. Qc4 Ne8 23. Na5 Kh7 24. b3 Bf6 25. Ra1 Qf7 26. Ba7 1-0

[Event "Vietnam National Masters Men 2012"]
[Site "Ho Chi Minh City VIE"]
[Date "2012.11.30"]
[Round "2.4"]
[White "Nguyen Tan Thinh"]
[Black "Hoang Canh Huan"]
[Result "1/2-1/2"]
[BlackTitle "FM"]
[WhiteElo "1919"]
[BlackElo "2391"]
[WhiteFideId "12403458"]
[BlackFideId "12400599"]
[EventDate "2012.11.29"]

1. e4 g6 2. d4 Bg7 3. Nf3 d6 4. Bd3 Nd7 5. O-O e6 6. Bg5 Ne7 7. c3 h6 8. Bh4 b6
9. a4 a6 10. Nbd2 Bb7 11. Qe2 g5 12. Bg3 Ng6 13. Nc4 g4 14. Nfd2 h5 15. e5 dxe5
16. Bxg6 fxg6 17. Nxe5 Nxe5 18. Bxe5 Qd5 19. f4 Bxe5 20. fxe5 O-O-O 21. Nc4 Kb8
22. Rf6 g5 23. Ne3 Qc6 24. Qc2 g3 25. h3 a5 26. Qb3 Rhe8 27. Re1 h4 28. Rg6 g4
29. Rxg4 Rf8 30. Qb5 Qxb5 31. axb5 Rf2 32. Rxh4 Rxb2 33. Rg4 Rxb5 34. Rxg3 Rb3
35. Nc2 Rb2 36. Rc1 Be4 37. Na3 Rb3 38. Re3 Rxd4 39. Nb5 Rc4 40. Nd4 Rxd4 41.
Rce1 Rd2 42. Rxe4 Rbb2 43. Rg4 a4 44. Ra1 b5 45. h4 Re2 46. c4 bxc4 47. Rxa4 c3
48. Rac4 c2 49. Kh2 Rxe5 50. Rg8+ 1/2-1/2

[Event "Vietnam National Masters Men 2012"]
[Site "Ho Chi Minh City VIE"]
[Date "2012.11.30"]
[Round "2.5"]
[White "Duong The Anh"]
[Black "Tran Tuan Minh"]
[Result "0-1"]
[WhiteTitle "IM"]
[BlackTitle "FM"]
[WhiteElo "2368"]
[BlackElo "2258"]
[WhiteFideId "12401277"]
[BlackFideId "12401820"]
[EventDate "2012.11.29"]

1. Nf3 Nf6 2. c4 e6 3. Nc3 d5 4. e3 a6 5. b3 Bd6 6. Be2 O-O 7. Bb2 b6 8. O-O Bb7
9. d4 Nbd7 10. Rc1 Qe7 11. Qc2 dxc4 12. bxc4 e5 13. Rfd1 exd4 14. exd4 Bf4 15.
Rb1 Rfe8 16. Qf5 Bd6 17. Bd3 g6 18. Qh3 Nh5 19. Bc1 Bf4 20. Ne2 Bxc1 21. Rbxc1
Ndf6 22. Qh4 Bxf3 23. gxf3 Rad8 24. Ng3 Qa3 25. Rc2 Rd7 26. d5 Rde7 27. Ne4 Nxe4
28. fxe4 f5 29. f3 fxe4 30. fxe4 Rf7 31. c5 Nf4 32. Qg3 Kg7 33. Bf1 Qa4 34. Qc3+
Kg8 35. Rd4 Qd7 36. d6 bxc5 37. Rdd2 cxd6 38. e5 Rxe5 39. Qxe5 Qg4+ 0-1